Szakközépiskola és múzeum - Móráról

Elmentve itt :
Bibliográfiai részletek
Dokumentumtípus: Cikk
Megjelent: 1979-11-16
Sorozat:Délmagyarország 69 No. 268
Kulcsszavak:Kiss Ferenc Erdészeti Szakközépiskola
Online Access:http://dmarchiv.bibl.u-szeged.hu/117298
LEADER 00439nab a2200145 i 4500
001 delm117298
005 20190521093642.0
008 190521s1979 hu o 0|| hun d
040 |a SZTE Délmagyarország Archívum  |b hun 
041 |a hun 
245 0 0 |a Szakközépiskola és múzeum - Móráról  |h [elektronikus dokumentum] 
260 |c 1979-11-16 
300 |a 5 
490 0 |a Délmagyarország  |v 69 No. 268 
695 |a Kiss Ferenc Erdészeti Szakközépiskola